000 00300nam a22001337a 4500
008 170608b xxu||||| |||| 00| 0 eng d
020 _a9780774818476
041 _aeng
080 _a32
100 _a18
101 _aSHP
245 _aTHE POLITICS OF ACKNOWLEDGEN
_cQUINN.J.R
942 _2udc
_cBK
999 _c16501
_d16501